| 000 | 00912nam a22002055i 4500 | ||
|---|---|---|---|
| 001 | 163806 | ||
| 003 | ES-MaACL | ||
| 005 | 20230906212820.0 | ||
| 008 | 050718s1871 sp | |||||||| ||spa d | ||
| 040 |
_aCAM _bspa _cCAM |
||
| 100 | 1 |
_aRodríguez Rubí, Juan. _9131952 |
|
| 245 | 1 | 0 |
_aHaz bien sin mirar á quien _b: comedia en un acto y en verso / _coiginal de Juan Rodríguez Rubí. |
| 260 |
_aMadrid : _bAbienzo y Compañía, _c1871. |
||
| 300 |
_a31 p. ; _c18 cm. |
||
| 490 | 1 | _aEl Proscenio, repertorio dramático-lírico | |
| 500 | _aEn port.: Estrenada en el Teatro Martín, la noche del 11 de febrero de 1871. | ||
| 830 | 0 |
_aEl Proscenio, repertorio dramático-lírico _9221319 |
|
| 852 |
_aES-MaACL _jF-8586(4) _z-- Enc. pasta española _z-- Ex-libris ms. de Gustavo Saenz Diez _z-- Enc. en un vol. facticio, formando parte de la col.: "Teatro español moderno", vol. 39 |
||
| 999 |
_c163806 _d163806 |
||